Public Finance: A Dynamic Force in the Economic System (Record no. 5897)

MARC details
005 - DATE AND TIME OF LATEST TRANSACTION
control field 20250628082831.0
020 ## - INTERNATIONAL STANDARD BOOK NUMBER
International Standard Book Number 81-261-1176-3
082 ## - DEWEY DECIMAL CLASSIFICATION NUMBER
Classification number 336.73 NAR
100 ## - MAIN ENTRY--PERSONAL NAME
Author name NARAYAN, N.B
245 ## - TITLE STATEMENT
Title Public Finance: A Dynamic Force in the Economic System
260 ## - PUBLICATION, DISTRIBUTION, ETC.
Place of publication, distribution, etc. New delhi
Name of publisher, distributor, etc. Anmol Publications PVT. Ltd
Date of publication, distribution, etc. 2002
300 ## - PHYSICAL DESCRIPTION
Extent 301p.: ill.; tables
Other physical details Bibliography
Dimensions 23cm
700 ## - ADDED ENTRY--PERSONAL NAME
Other authors/Editors B.N. deshikachar
942 ## - ADDED ENTRY ELEMENTS (KOHA)
Source of classification or shelving scheme Dewey Decimal Classification
Koha item type Books
Holdings
Date last seen Total checkouts Full call number Barcode Cost, replacement price Price effective from Koha item type Lost status Source of classification or shelving scheme Damaged status Not for loan Withdrawn status Home library Current library Shelving location Date acquired Source of acquisition Cost, normal purchase price
06/28/2025   336.73 MZA0002876 90000.00 06/28/2025 Books   Dewey Decimal Classification       CBE Mwanza CBE Mwanza General Collection 06/24/2009 Library budget 30000.00